000 00890nac a22002537a 4500
001 BR7902532
003 BR-BrBNA
005 20240105114426.0
008 230509b bl.|||m| |||| 00| 0 por d
040 _aBR-BrBNA
_bpor
_cBiblioteca Nacional de Agricultura
072 _aF00; L00; H00
090 _aF00 BR7902532
110 1 _aFundacao Instituto Agronomico do Parana, Londrina (Brasil)
245 1 _aManual agropecuario para o Parana [Producao vegetal, Producao animal, Praga de planta, Doenca de planta, Brasil]
260 3 _aLondrina, PR (Brasil):
_c1978.
300 _a742 p.
490 _aManual Agropecuario para o Parana - Fundacao Instituto Agronomico do Parana (Brazil)
_vv. 2
_x
650 _aDEFESA VEGETAL
650 _aPRAGA DE PLANTA
650 _aDOENCA DE PLANTA
650 _aPARANA
909 _a202312
_bLúcia Elande
_c55
_dLúcia Elande
942 _2AGRIS
_n0
_cMS
999 _c269283
_d269283